[Event "Bezirksliga Oberbayern 1819"]
[Site "Bayern"]
[Date "2019.01.20"]
[Round "5.2"]
[White "Neumueller, Theo"]
[Black "Fischer Brandies, Alexander"]
[Result "0-1"]
[WhiteElo "1923"]
[BlackElo "2113"]
[PlyCount "106"]
[EventDate "2018.10.21"]
[EventType "team-tourn"]
[EventRounds "9"]
[EventCountry "GER"]
[SourceTitle "EXT 2022"]
[Source "ChessBase"]
[SourceDate "2021.10.06"]
[SourceVersion "1"]
[SourceVersionDate "2021.10.06"]
[SourceQuality "1"]
[WhiteTeam "Germering II"]
[BlackTeam "Gauting"]
[WhiteTeamCountry "GER"]
[BlackTeamCountry "GER"]

1. e4 e5 2. Nf3 Nc6 3. Bb5 Nf6 4. Nc3 Bb4 5. 0-0 0-0 6. d3 Bxc3 7. bxc3 d6 8. Bg5 Qe7 9. h3 Nd8 10. Qd2 Ne6 11. Nh4 Nxg5 12. Qxg5 Nd5 13. Qxe7 Nxe7 14. Bc4 h6 15. Rab1 b6 16. d4 g5 17. Nf3 Ng6 18. Rbd1 Re8 19. Rfe1 Bd7 20. Kh2 Re7 21. Nd2 Kg7 22. Bf1 Rf8 23. d5 f5 24. f3 fxe4 25. Nxe4 Bf5 26. Rb1 a5 27. Bb5 Ref7 28. Rbd1 Ne7 29. Rd2 Bxe4 30. Rxe4 Rf4 31. Kg1 h5 32. Bd7 Ng8 33. Be6 Rxe4 34. fxe4 Rf4 35. Re2 Nf6 36. Bf5 g4 37. hxg4 hxg4 38. Rf2 Kh6 39. g3 Rxf2 40. Kxf2 Kg5 41. Ke3 Nxd5+ 42. Kd3 Nf6 43. Ke3 d5 44. c4 dxc4 45. c3 Ne8 46. Bd7 Nd6 47. Be6 b5 48. Bd5 c5 49. Kd2 b4 50. Kc2 a4 51. Bc6 a3 52. Bd5 Kf6 53. Kb1 Nb5 0-1

[Event "Bezirksliga Oberbayern 1819"]
[Site "Bayern"]
[Date "2018.12.16"]
[Round "4.2"]
[White "Fischer Brandies, Alexander"]
[Black "Wimmer, Alfred"]
[Result "1-0"]
[WhiteElo "2113"]
[BlackElo "2020"]
[PlyCount "49"]
[EventDate "2018.10.21"]
[EventType "team-tourn"]
[EventRounds "9"]
[EventCountry "GER"]
[SourceTitle "EXT 2022"]
[Source "ChessBase"]
[SourceDate "2021.10.06"]
[SourceVersion "1"]
[SourceVersionDate "2021.10.06"]
[SourceQuality "1"]
[WhiteTeam "Gauting"]
[BlackTeam "Moosburg SC"]
[WhiteTeamCountry "GER"]
[BlackTeamCountry "GER"]

1. d4 f5 2. Bf4 Nf6 3. e3 e6 4. Nf3 g6 5. h4 h6 6. Bd3 d6 7. Nc3 Nd5 8. Ne2 Qf6 9. c4 Nxf4 10. Nxf4 Nc6 11. d5 e5 12. dxc6 exf4 13. Qa4 Kf7 14. exf4 Qe7+ 15. Kf1 Bg7 16. Re1 Qf6 17. cxb7 Bxb7 18. Qd7+ Kg8 19. h5 Bxf3 20. gxf3 Qd8 21. Qe6+ Kf8 22. hxg6 Qf6 23. Qd5 Re8 24. Rxe8+ Kxe8 25. Bxf5 1-0

[Event "Bezirksliga Oberbayern 1819"]
[Site "Bayern"]
[Date "2018.10.21"]
[Round "1.2"]
[White "Fischer Brandies, Alexander"]
[Black "Glawe, Ralf"]
[Result "0-1"]
[WhiteElo "2113"]
[BlackElo "2085"]
[PlyCount "74"]
[EventDate "2018.10.21"]
[EventType "team-tourn"]
[EventRounds "9"]
[EventCountry "GER"]
[SourceTitle "EXT 2022"]
[Source "ChessBase"]
[SourceDate "2021.10.06"]
[SourceVersion "1"]
[SourceVersionDate "2021.10.06"]
[SourceQuality "1"]
[WhiteTeam "Gauting"]
[BlackTeam "Ingolstadt MTV"]
[WhiteTeamCountry "GER"]
[BlackTeamCountry "GER"]

1. d4 Nf6 2. Bf4 e6 3. e3 c5 4. c3 d5 5. Nd2 Nc6 6. Ngf3 Bd6 7. Bg3 0-0 8. Bd3 b6 9. 0-0 Bb7 10. Ne5 Qc7 11. f4 Ne7 12. Qb1 g6 13. Bh4 Ne8 14. g4 f6 15. Nef3 e5 16. fxe5 fxe5 17. Nxe5 Bxe5 18. dxe5 Qxe5 19. Rxf8+ Kxf8 20. Qf1+ Kg7 21. Qf3 Nf6 22. Bxf6+ Qxf6 23. Qg3 Qe6 24. Rf1 Rf8 25. Rxf8 Kxf8 26. Qf4+ Kg7 27. Nf3 Qf6 28. Kf2 g5 29. Qxg5+ Ng6 30. Qxf6+ Kxf6 31. g5+ Ke6 32. Bxg6 hxg6 33. Nh4 Ke5 34. Nxg6+ Kf5 35. Nf4 Kxg5 36. Kg3 Bc6 37. h4+ Kf5 0-1

[Event "Oberbayern Bezirksliga 1718"]
[Site "Germany"]
[Date "2018.04.15"]
[Round "9.2"]
[White "Fuchs, Martin"]
[Black "Fischer Brandies, Alexander"]
[Result "0-1"]
[WhiteElo "1987"]
[BlackElo "2134"]
[PlyCount "134"]
[EventDate "2017.10.22"]
[EventType "team-tourn"]
[EventRounds "9"]
[EventCountry "GER"]
[SourceTitle "EXT 2019"]
[Source "ChessBase"]
[SourceDate "2018.10.10"]
[SourceVersion "1"]
[SourceVersionDate "2018.10.10"]
[SourceQuality "1"]
[WhiteTeam "Starnberg II"]
[BlackTeam "Gauting"]
[WhiteTeamCountry "GER"]
[BlackTeamCountry "GER"]

1. d3 d5 2. g3 e5 3. Bg2 Nf6 4. Bg5 Bc5 5. Nf3 h6 6. Bxf6 Qxf6 7. 0-0 e4 8. dxe4 dxe4 9. Nfd2 e3 10. Ne4 exf2+ 11. Kh1 Qf5 12. Nbc3 Bb6 13. Nd5 Nc6 14. Nxb6 axb6 15. Rxf2 Qe5 16. Nc3 0-0 17. e4 Be6 18. Nd5 Qxb2 19. Nxc7 Rfd8 20. Nd5 Rxa2 21. Rb1 Qe5 22. Rd2 Rda8 23. c3 Qg5 24. Rdb2 Ne5 25. Nxb6 R8a3 26. Nd5 Ng4 27. Qe2 Bxd5 28. exd5 Rxb2 29. Qxb2 Qe3 30. Rf1 Rxc3 31. d6 Rd3 32. h3 Ne5 33. Qb4 Qxg3 34. Qc5 g6 35. Qc7 Rd2 36. Qxb7 Kg7 37. d7 Rxd7 38. Qb2 Kh7 39. Qa2 h5 40. Qe2 Re7 41. Qd2 Kg7 42. Qd8 Re6 43. Qc7 Rf6 44. Rxf6 Kxf6 45. Qd8+ Kg7 46. Qc7 h4 47. Qd6 Nd3 48. Qd7 Nf4 49. Bf1 Qf3+ 50. Kg1 Qg3+ 51. Kh1 Qf2 52. Qb5 Nh5 53. Bg2 Ng3+ 54. Kh2 Ne2 55. Qb1 Nf4 56. Qa1+ Kh7 57. Qf1 Qxg2+ 58. Qxg2 Nxg2 59. Kxg2 Kh6 60. Kf3 Kg5 61. Ke4 f6 62. Ke3 Kf5 63. Kf3 g5 64. Kf2 Kf4 65. Kg2 Ke3 66. Kg1 Kf3 67. Kh2 Kf2 0-1

[Event "Oberbayern Bezirksliga 1718"]
[Site "Germany"]
[Date "2018.03.18"]
[Round "8.2"]
[White "Fischer Brandies, Alexander"]
[Black "Baumer, Christian"]
[Result "1-0"]
[WhiteElo "2134"]
[BlackElo "1913"]
[PlyCount "75"]
[EventDate "2017.10.22"]
[EventType "team-tourn"]
[EventRounds "9"]
[EventCountry "GER"]
[SourceTitle "EXT 2019"]
[Source "ChessBase"]
[SourceDate "2018.10.10"]
[SourceVersion "1"]
[SourceVersionDate "2018.10.10"]
[SourceQuality "1"]
[WhiteTeam "Gauting"]
[BlackTeam "Dorfen"]
[WhiteTeamCountry "GER"]
[BlackTeamCountry "GER"]

1. e4 d6 2. d4 Nf6 3. Nc3 Nbd7 4. Nf3 e5 5. Bc4 Be7 6. a4 a5 7. 0-0 0-0 8. h3 b6 9. Re1 Bb7 10. Ba2 c6 11. Be3 Qc7 12. Nh4 g6 13. Nf3 Rfd8 14. dxe5 Nxe5 15. Ng5 Rf8 16. f4 Ned7 17. Qe2 Nc5 18. Bd4 Nh5 19. Qe3 Bf6 20. Bxf6 Nxf6 21. Qg3 Rae8 22. Qh4 Ne6 23. e5 dxe5 24. fxe5 Nh5 25. Nf3 Qe7 26. Qf2 Qc5 27. Re3 Ng3 28. Rae1 Nf5 29. Ne4 Qe7 30. Rb3 Rb8 31. Rxb6 Kg7 32. Rb3 c5 33. Rb5 Bxe4 34. Rxe4 Rxb5 35. axb5 Ned4 36. Nxd4 Nxd4 37. Bc4 Nc6 38. bxc6 1-0

[Event "Oberbayern Bezirksliga 1718"]
[Site "Germany"]
[Date "2017.12.10"]
[Round "4.2"]
[White "Fischer Brandies, Alexander"]
[Black "Hauschild, Helmut"]
[Result "1-0"]
[WhiteElo "2134"]
[BlackElo "2081"]
[PlyCount "107"]
[EventDate "2017.10.22"]
[EventType "team-tourn"]
[EventRounds "9"]
[EventCountry "GER"]
[SourceTitle "EXT 2019"]
[Source "ChessBase"]
[SourceDate "2018.10.10"]
[SourceVersion "1"]
[SourceVersionDate "2018.10.10"]
[SourceQuality "1"]
[WhiteTeam "Gauting"]
[BlackTeam "Waldkraiburg"]
[WhiteTeamCountry "GER"]
[BlackTeamCountry "GER"]

1. d4 Nf6 2. Bf4 g6 3. Nc3 d5 4. e3 Bg7 5. h4 h6 6. Nb5 Na6 7. Nf3 c6 8. Nc3 Ng4 9. Be2 Bf5 10. h5 Nb4 11. Rc1 Qd7 12. a3 g5 13. axb4 gxf4 14. exf4 Qd6 15. g3 Nf6 16. b5 c5 17. Ne5 Rd8 18. Ra1 cxd4 19. Qxd4 Nd7 20. Qxd5 Qxd5 21. Nxd5 Nxe5 22. fxe5 Rxd5 23. f4 Be4 24. Rh2 e6 25. Rxa7 Rd7 26. c4 b6 27. Ra6 Rb7 28. Kd2 Kd7 29. Ke3 Bh7 30. Bf3 Rc7 31. Rxb6 Bf8 32. Rd2+ Kc8 33. Ra6 Bc5+ 34. Ke2 Ra7 35. Rc6+ Rc7 36. Ra6 Ra7 37. Rxa7 Bxa7 38. b4 Rd8 39. c5 Rxd2+ 40. Kxd2 Bb8 41. b6 f6 42. exf6 Bg8 43. Be4 e5 44. Ke3 exf4+ 45. gxf4 Kd8 46. Bg6 Bd5 47. Be4 Be6 48. Bg6 Bd5 49. Kd4 Be6 50. f7 Ke7 51. f5 Bb3 52. c6 Bd6 53. f8Q+ Kxf8 54. c7 1-0

[Event "Oberbayern Bezirksliga 1718"]
[Site "Germany"]
[Date "2017.11.12"]
[Round "2.2"]
[White "Fischer Brandies, Alexander"]
[Black "Litzka, Matthias"]
[Result "1/2-1/2"]
[WhiteElo "2134"]
[BlackElo "2052"]
[PlyCount "260"]
[EventDate "2017.10.22"]
[EventType "team-tourn"]
[EventRounds "9"]
[EventCountry "GER"]
[SourceTitle "EXT 2019"]
[Source "ChessBase"]
[SourceDate "2018.10.10"]
[SourceVersion "1"]
[SourceVersionDate "2018.10.10"]
[SourceQuality "1"]
[WhiteTeam "Gauting"]
[BlackTeam "Starnberg"]
[WhiteTeamCountry "GER"]
[BlackTeamCountry "GER"]

1. d4 c5 2. d5 Nf6 3. Nc3 d6 4. e4 g6 5. Bb5+ Nbd7 6. a4 Bg7 7. Nf3 0-0 8. 0-0 a6 9. Bd3 b6 10. h3 Ne8 11. Bg5 Nc7 12. Qd2 Rb8 13. Nd1 b5 14. c3 Ne5 15. Nh2 Nxd3 16. Qxd3 h6 17. Bd2 f5 18. Ne3 f4 19. Nc2 bxa4 20. Rfb1 Qe8 21. Na3 Bd7 22. Ra2 Qf7 23. Re1 Rb3 24. Nf3 g5 25. e5 Bf5 26. Qc4 Qxd5 27. exd6 exd6 28. Qxd5+ Nxd5 29. Nc4 Rd8 30. Rxa4 Nb6 31. Nxb6 Rxb6 32. Bc1 Kf7 33. Ra5 Re8 34. Rd1 Bc2 35. Rd2 Bb3 36. g3 fxg3 37. fxg3 Be6 38. Kg2 Bc8 39. Rf2 Bb7 40. Kf1 Ke6 41. g4 Rf8 42. Nd2 Rxf2+ 43. Kxf2 Bd5 44. Nf1 Be5 45. Ne3 Bg7 46. Nf5 Bf8 47. Kg3 Be4 48. Ne3 d5 49. h4 Bd6+ 50. Kh3 Rc6 51. Nf1 Bd3 52. Ng3 Kf6 53. Be3 Bb5 54. Ra1 Bf4 55. Nh5+ Ke5 56. Bxf4+ gxf4 57. Re1+ Kd6 58. Nxf4 d4 59. Rd1 Ke5 60. Kg3 Rd6 61. g5 hxg5 62. hxg5 dxc3 63. Re1+ Kf5 64. bxc3 a5 65. g6 Bc4 66. Ra1 Ra6 67. Ra4 Bb3 68. g7 Ra8 69. Ra3 a4 70. Kf3 Rg8 71. Nd3 c4 72. Nc5 Bd1+ 73. Ke3 Rxg7 74. Nxa4 Ra7 75. Kd4 Bb3 76. Kc5 Ke4 77. Ra1 Ra8 78. Re1+ Kd3 79. Nb2+ Kxc3 80. Nxc4 Rc8+ 81. Kd6 Bxc4 82. Kd7 Rh8 83. Ke7 Rh6 84. Rd1 Kb4 85. Rd6 Rh5 86. Kf6 Kc5 87. Rd1 Bd5 88. Ra1 Kd6 89. Re1 Rh8 90. Kf5 Rf8+ 91. Kg4 Kc5 92. Ra1 Kd4 93. Ra5 Be6+ 94. Kg3 Bd5 95. Kg4 Bf3+ 96. Kg5 Bd1 97. Kg6 Ke4 98. Ra1 Rf1 99. Ra5 Bb3 100. Kg5 Bd5 101. Kg6 Ke5 102. Kg7 Rg1+ 103. Kf8 Rg8+ 104. Ke7 Rg7+ 105. Kf8 Rh7 106. Ra1 Be6 107. Ke8 Kf6 108. Rf1+ Bf5 109. Kd8 Rd7+ 110. Ke8 Rc7 111. Rd1 Rc8+ 112. Rd8 Rc1 113. Rd2 Rc8+ 114. Rd8 Rc7 115. Rd1 Rc4 116. Rd2 Bg4 117. Rd6+ Be6 118. Rd2 Rc7 119. Rd1 Rc8+ 120. Rd8 Rc1 121. Rd2 Bg4 122. Rd6+ Ke5 123. Rd2 Rc8+ 124. Ke7 Rh8 125. Rb2 Rh7+ 126. Kd8 Bf3 127. Rd2 Bd5 128. Ke8 Kd6 129. Kf8 Rf7+ 130. Ke8 Rb7 1/2-1/2

[Event "Forchheim op-A 13th"]
[Site "Forchheim"]
[Date "2014.10.04"]
[Round "3"]
[White "Fischer Brandies, Alexander"]
[Black "Wagner, Florian"]
[Result "0-1"]
[WhiteElo "1931"]
[BlackElo "2215"]
[PlyCount "91"]
[EventDate "2014.10.03"]
[EventType "swiss"]
[EventRounds "5"]
[EventCountry "GER"]
[SourceTitle "EXT 2019"]
[Source "ChessBase"]
[SourceDate "2018.10.10"]
[SourceVersion "1"]
[SourceVersionDate "2018.10.10"]
[SourceQuality "1"]

1. d4 g6 2. Nf3 Bg7 3. Bf4 d6 4. e3 Nf6 5. Be2 0-0 6. h3 b6 7. 0-0 Bb7 8. Nbd2 Nbd7 9. c3 c5 10. a4 a6 11. Qc2 Qc7 12. Bg3 Rfb8 13. Rac1 b5 14. axb5 axb5 15. e4 Qc6 16. dxc5 Qxc5 17. Nd4 b4 18. N4b3 Qb6 19. c4 Rc8 20. Bf4 Bc6 21. Be3 Qb7 22. f3 e5 23. Ra1 Ba4 24. Qd3 Bf8 25. g4 Ne8 26. Bd1 Nb6 27. Qe2 Bxb3 28. Bxb3 Ng7 29. Rfc1 Ne6 30. Qh2 Nd7 31. Rxa8 Qxa8 32. Bc2 Qa2 33. b3 Qb2 34. Nf1 Nd4 35. Qf2 Nc5 36. Bxd4 Qxc1 37. Be3 Qb2 38. Bd1 Qxf2+ 39. Kxf2 Ra8 40. Bd2 Ra1 41. Ke2 Ra2 42. g5 Be7 43. h4 h6 44. Ne3 hxg5 45. Nd5 gxh4 46. f4 0-1